| 000 | 00806cam a2200193 4500 | ||
|---|---|---|---|
| 001 | ABS68207 | ||
| 008 | 040909n2004 000 0 eng u | ||
| 035 | _a(Sirsi) u127305 | ||
| 100 | _aSnow, J. | ||
| 245 | _aExodus postponed | ||
| 260 | _c2004 | ||
| 490 |
_aEstates Gazette _v(0436) 4 September 2004, 114-115(2) |
||
| 520 | _aContrary to predictions that call centres would be relocated outside the UK to countries such as India, research specialist ContactBabel in a three year forecast of the market centre, predicts that despite the competition from abroad, a further 50 000 jobs will be created over the next three years. Lists new call centre expansions planned in 2004. | ||
| 590 | _aABS | ||
| 590 | _aABS | ||
| 650 | _aCALL CENTRES | ||
| 690 |
_aCOMMERCIAL PROPERTY _96227 |
||
| 942 | _n0 | ||
| 999 |
_c117983 _d117983 |
||